Normal view MARC view

Entry Nombre personal

Number of records used in: 32

001 - NÚMERO DE CONTROL

  • campo de control: 156498

003 - IDENTIFICADOR DE NÚMERO DE CONTROL

  • campo de control: OSt

005 - FECHA Y HORA DE LA ÚLTIMA TRANSACCIÓN

  • campo de control: 20240521134251.0

008 - ELEMENTOS DE DATO DE LONGITUD-FIJA

  • campo de control de longitud fija: 150306 b azzaaaaaa a aaa d

040 ## - FUENTE DE CATALOGACIÓN

  • Centro catalogador/agencia de origen: OSt
  • Centro/agencia transcriptor: OSt

100 1# - ENCABEZAMIENTO-NOMBRE DE PERSONA

  • Nombre de persona: Castellet, J. M.,
  • Fechas asociadas al nombre: 1926-2014

400 1# - TRAZADO DE VÉASE--NOMBRE DE PERSONA

  • Nombre de persona: Castellet, José María,
  • Fechas asociadas al nombre: 1926-2014

400 1# - TRAZADO DE VÉASE--NOMBRE DE PERSONA

  • Nombre de persona: Castellet Díaz de Cossío, Josep María,
  • Fechas asociadas al nombre: 1926-2014